Pokémon - Les attaques de Hypotrempe - Statistiques

Statistiques générales
  • Ce quiz a été pris 13 fois
  • Le résultat moyen est 10 sur 13
Statistiques - réponses
Niveaux Types Noms des attaques % Correct
Niveau 45 Eau Hydrocanon
100%
Niveau 10 Dragon Ouragan
100%
Départ Eau Pistolet à O
100%
Niveau 50 Dragon Danse Draco
88%
Niveau 20 Dragon Draco-Souffle
88%
Départ Normal Groz'Yeux
88%
Niveau 5 Normal Brouillard
75%
Niveau 25 Eau Bulles d'O
75%
Niveau 55 Eau Danse Pluie
75%
Niveau 40 Dragon Draco-Choc
75%
Niveau 30 Psy Hâte
75%
Niveau 35 Normal Affilage
25%
Niveau 15 Normal Puissance
25%
Aucun quiz correspondant
Distribution des résultats
% des personnes avec chaque résultat
Percentile par nombre de réponses
Votre historique - résultats
Vous n’avez pas pris ce quiz